000 00727nam a2200241 a 4500
001 3349491
003 PILC
005 20150825144443.0
008 860514s1985 si a 000 1 eng
010 _a 85941326
020 _a9971640732 (pbk.)
040 _aDLC
_cDLC
_dDLC
050 0 0 _aPR 9570.S53
_b.Sm584 1985
082 0 0 _a823
100 1 _aSmithies, Michael,
_d1932-
245 1 2 _aA busy week :
_btales from today's Thailand /
_cMichael Smithies.
260 _aSingapore :
_bHeinemann Asia,
_c1985.
300 _a118 pages :
_billustrations ;
_c18 cm.
440 0 _aWriting in Asia series
651 0 _aBangkok (Thailand)
_xFiction.
906 _a7
_bcbc
_corignew
_d4
_encip
_f19
_gy-gencatlg
942 _2lcc
_cBK
_kFOR
999 _c288484
_d288484